|
|
|
|
| LEADER |
00960nab#a2200325#ar4500 |
| 001 |
000074864 |
| 003 |
SVKKK |
| 005 |
20050603xxxxxxx. |
| 008 |
06 c xo huno |
| FMT |
|
|
|
| 038 |
|
|
|a SVKKK
|
| 040 |
|
|
|a SVKKK
|b slo
|e AACR2
|
| 041 |
0 |
|
|a hun
|
| 044 |
|
|
|a xo
|c SK
|
| 080 |
|
|
|a 355.257.2
|
| 080 |
|
|
|a 94(439)
|
| 242 |
1 |
0 |
|a V sobotu doobeda všeobecné pracovné voľno
|
| 245 |
0 |
0 |
|a Szombaton délelőtt általános munkásszünet
|
| 500 |
|
|
|a mikrofilm
|
| 520 |
2 |
|
|a Správa o tom, že v rámci proklamácie štátnosti bolo vyhlásené v Uhorsku všeobecné pracovné voľno v sobotu 17. novembra 1918.
|
| 650 |
0 |
4 |
|a dejiny Uhorska - voľno pracovné - proklamácia štátnosti - 17.11.1918 - správy
|
| 773 |
0 |
|
|t Felvidéki Hirlap
|g Roč. 12, č. 27 (16.11.1918) s. 3
|
| 957 |
|
|
|a Humenné
|
| 957 |
|
|
|a Uhorsko
|
| 958 |
|
|
|a DG
|
| 958 |
|
|
|a SK
|
| 974 |
|
|
|a Ba
|d 20050603
|
| 992 |
|
|
|a RBX
|
| BAS |
|
|
|
| 998 |
|
|
|a RETRO
|